Представление документа в формате RUSMARC

ПолеНазваниеЗначение
  Тип записи a
  Библиографический уровень a
001 Контрольный номер RU/CBS_UL/BASE/b5c328ef05a64b48935d1e7a80e42401
005 Дата корректировки 20230827015519.9
100 Данные общей обработки __
a Данные общей обработки 20230503 ||| 0rusy0189 ca
101 Язык документа 0_
a Язык текста rus
102 Страна публикации __
a Страна публикации RU
200 Заглавие и сведения об ответственности 1_
a Заглавие Гений из сталинской "шарашки"
e Сведения, относящиеся к заглавию [о судьбе учёного, конструктора С. Королёва]
f Первые сведения об ответственности А. Карелин
461 Уровень набора _0
1 2000
a Дарья. Биография
463 Уровень физической единицы _0
1 001RU/CBS_UL/BASE/a3f68aa67b494533a02fc2573bf9b89e
1 2000
a № 4
v С.
1 210
d 2023
600 Персоналии _1
a Персоналии (Фамилия) Королёв
b Персоналии (Имя, инициалы) С.П.
606 Тематические рубрики 0_
a Основная рубрика Королёв, Сергей Павлович (1907-1966)
610 Ключевые слова 0_
a Ключевые слова учёные советские
610 Ключевые слова 0_
a Ключевые слова конструкторы
610 Ключевые слова 0_
a Ключевые слова академики
610 Ключевые слова 0_
a Ключевые слова академики АН СССР
610 Ключевые слова 0_
a Ключевые слова создатели ракетно-космической техники
610 Ключевые слова 0_
a Ключевые слова судьбы учёных
686 Индексы других классификаций __
2 Код системы rubbk
a Классификационный индекс 39.6г
700 Автор _1
a Фамилия Карелин
b Имя (инициалы) А.
801 Источник записи _0
a Страна RU
b Организация МБУК ЦБС г. Ульяновска
c Дата составления 20230503
g Правила каталогизации RCR
801 Источник записи _1
a Страна RU
b Организация МБУК ЦБС г. Ульяновска
c Дата составления 20230503
g Правила каталогизации RCR
901 Тип документа __
t Тип документа b
w Контрольный № источника RU/CBS_UL/BASE/a3f68aa67b494533a02fc2573bf9b89e